000 00884nam a2200289 a 4500
001 51829
003 GBCCL
005 20241126110409.0
008 820804s1981 ilua b 000 0 eng
010 _a 80054490
020 _a0842304088 (pbk.) :
_c$12.95
035 _a(OCoLC)07769874
040 _aDLC
_cDLC
_dLBB
049 _aLBBK
050 0 _aBV652.25
_b.T684
082 0 _a254.5
_219
_bTOW
090 _aBV652.25
_b.T684 1981
100 1 _aTowns, Elmer L.
_9410
245 1 4 _aThe complete book of church growth /
_cElmer L. Towns, John N. Vaughan, David J. Seifert.
260 _aWheaton, Ill. :
_bTyndale House Publishers,
_cc1981.
300 _a396 p. :
_bill. ;
_c23 cm.
504 _aIncludes bibliographical references (p. 388-394).
650 0 _aChurch growth.
_9291
700 1 _aVaughan, John N.
_93652
700 1 _aSeifert, David J.
_93653
942 _2ddc
_cBK
_09
999 _c1765
_d1765